На пути к материализму. Вып.№19: Природа в руках человека (Запись № 3041804)

Подробности
000 -МАРКЕР
контрольное поле 01378nam2a22002531 4500
001 - ИДЕНТИФИКАТОР ЗАПИСИ
контрольное поле RU\NLR\INFOCOMM21\5000121523
005 - ИДЕНТИФИКАТОР ВЕРСИИ
контрольное поле 20250617073104.0
035 ## - ДРУГИЕ СИСТЕМНЫЕ НОМЕРА
Идентификатор записи (NLR Aleph) 002553570
100 ## - ДАННЫЕ ОБЩЕЙ ОБРАБОТКИ
Данные общей обработки 20050419d1927 |||y0rusy50 ca
101 0# - ЯЗЫК РЕСУРСА
Язык текста, звукозаписи и т.д. русский
102 ## - СТРАНА ПУБЛИКАЦИИ ИЛИ ПРОИЗВОДСТВА
Страна публикации Российская Федерация
105 ## - ПОЛЕ КОДИРОВАННЫХ ДАННЫХ: ТЕКСТОВЫЕ МАТЕРИАЛЫ, МОНОГРАФИЧЕСКИЕ
Кодированные данные о монографическом текстовом документе y ||||000|y
200 1# - ЗАГЛАВИЕ И СВЕДЕНИЯ ОБ ОТВЕТСТВЕННОСТИ
Основное заглавие Природа в руках человека
Первые сведения об ответственности Н.П. Кренке
210 ## - ПУБЛИКАЦИЯ, РАСПРОСТРАНЕНИЕ И ДР.
Дата издания, распространения и т.д. 1927
Место издания, распространения и т.д. Б. м.
461 #0 - УРОВЕНЬ НАБОРА
Встроенное поле 001RU\NLR\INFOCOMM21\5000121453
-- 2001#$aНа пути к материализму$eПособия для учителей и самообразования$fГос. Тимирязевск. науч.-исслед. ин-т изучения и пропаганды естеств.-науч. основ диалект. материализма$vВып.№19
Системный номер (АБИС) связанной записи 3041646
Место публикации Вологда
Дата публикации 1925-1927
Первые сведения об ответственности Гос. Тимирязевск. науч.-исслед. ин-т изучения и пропаганды естеств.-науч. основ диалект. материализма
Имя издателя, распространителя и т.д. Сев. печатник
Сведения, относящиеся к заглавию Пособия для учителей и самообразования
Заглавие На пути к материализму
Номер тома Вып.№19
700 #1 - ИМЯ ЛИЦА - ПЕРВИЧНАЯ ОТВЕТСТВЕННОСТЬ
Начальный элемент ввода Кренке
Часть имени, кроме начального элемента ввода Н.П.
Код отношения Автор
801 #1 - ИСТОЧНИК ЗАПИСИ
Страна Российская Федерация
Организация InfoComm
Дата составления 20050419
801 #0 - ИСТОЧНИК ЗАПИСИ
Страна Российская Федерация
Организация NLR
Правила каталогизации PSBO
852 ## - МЕСТОНАХОЖДЕНИЕ И ШИФР ХРАНЕНИЯ
Идентификатор организации NLR
Шифр хранения (Call Number) 36/408
942 ## - ДОПОЛНИТЕЛЬНЫЕ ЭЛЕМЕНТЫ ЗАПИСИ (АБИС)
Тип экземпляра АБИС Выпуск
980 ## - КОЛЛЕКЦИЯ
Название коллекции Национальная библиография
980 ## - КОЛЛЕКЦИЯ
Название коллекции Русская периодика

Нет доступных экземпляров.